1499 1640 1140 1183 1462 1263 1466 1306 1254 1571 1213 1207 1541 1533 1785 1805 1542 1875 1552 1460 1464 1902 1266 1411 1259 1825 1077 1334 1680 1241 1023 1748 1490 1247 1681 1055 1431 1074 1164 1218 1468 1897 1074 1164 1097 1218 1451 1686 1589 1983 1641 1414 1996 1769 1974 1584 1029 1987 1711 1859 1556 1929 1043 1948 1548 1903 1969 1259 1805 1124 1015 1220 1188 1148 1358 1707 1083 1921 1250 1759 1798 1986 1978 1730 1274 1561 1562 1333 1989 1650 1488 1259 1993 1698 1047 1040 1116 1611 1272 BCNSPRNW ULIB Ver.6.0+V

เปลี่ยนเป็นภาษาไทย

Change to English
 แสดงรายละเอียดบรรณานุกรม
  กลับหน้าหลัก

Brief Record : Get Marc (ISO 2709) : E-mail record : QR code < ปิดหน้าต่าง
LEADER : 00000nam 2200000uu 4500
001    13399128304
003     ULIB
008    230530s2022||||th 000 0 tha d
020    ^a9781264598434
060 04 ^aWQ100^bW725
245 00 ^aWilliams obstetrics /^ceditors, F. Gary Cunningham ... [etal.]
246 30 ^aObstetrics
250    ^a26th ed.
260    ^aNew York :^bMcGraw-Hill,^c2022
300    ^axvi, 1304 p. :^bill. (some col.) ;^c29 cm.
504    ^aIncludes bibliographical references and index
650  2 ^aObstetrics
700 1  ^aCunningham, F. Gary,^eed.
856    ^aประนอม เกษจรัล
945    ^p4620^l0^i009481
999    ^aอังศุธร กาญจนาโรจน์พันธ์
รายการนี้ยังไม่มีแท็ก
คุณยังไม่ได้ล็อกอิน คุณสามารถมีกิจกรรมร่วมกับเว็บไซต์ได้ แต่ต้องล็อกอินก่อน ::
  ล็อกอิน

รายการสื่อสารสนเทศ

ลำดับที่ ประเภท เลขเรียก/บาร์โค้ด สถานที่ สถานะ
1. วิทยาศาสตร์การแพทย์ และสุขภาพ
หนังสือสำรอง
สถานะ=หนังสือสำรอง
WQ100 W725 ฉ.1 
  Barcode: 009481
ห้องสมุดวิทยาเขตสวรรค์ประชารักษ์
►หนังสือทั่วไป
บนชั้น

รายการใกล้เคียง
    หัวเรื่อง [Obstetrics]

BibComment


ยังไม่เคยถูกคอมเมนท์

คอมเมนท์ทรัพยากรรายการนี้
  คอมเมนท์: Williams obstetr..


 Copyright 2026. Bcnsprnw @Library